=LDR 00000nam 2200000 4500 =001 NUTBA000000000001313 =005 20140421155044.0 =006 =007 =008 =020 ##$$a 978-979-448-894-2 =035 ##$$a 0010-041400000000583 =040 ##$$a Ind =082 ##$$a 613.042 44 =090 ##$$a 613.042 44$bEgi b =245 ##$$a Buku kesehatan reproduksi wanita$cEditor,Gilly andrews =250 ##$$a Ed.2 =260 ##$$a Jakarta$bEgc$c2009. =300 ##$$a Xiii,595 Hlm$bIlus$c28 cm. =850 ##$$a NBPNMAT =990 ##$$a 21301190 =990 ##$$a 94598/BPAP-NTB/2014 =990 ##$$a 21195339/BPAP-NTB/2014